| 000 | 00728nam a22002177a 4500 | ||
|---|---|---|---|
| 999 |
_c7094 _d7094 |
||
| 003 | OSt | ||
| 005 | 20240102112038.0 | ||
| 008 | 171220e201704 spc|||||||||||0|| | spa|d | ||
| 017 |
_aDL B 9443-2017 _bBiblioteca de Catalunya |
||
| 020 | _a9788491167853 | ||
| 040 |
_aES-BaUOC _bcat _cCDMR |
||
| 100 | 1 | _aSemir, Vladimir de, | |
| 245 | 1 | 0 |
_aPeriodistas científicos _b: corresponsales en el mundo de la investigación y el conocimiento / _cVladimir de Semir, Gema Revuelta |
| 260 |
_aBarcelona : _bEditorial UOC, _c2017 |
||
| 300 |
_a160 pàgines ; _c23 cm |
||
| 504 | _aBibliografia | ||
| 650 | 0 | 7 |
_aPeriodisme científic _2lemac _92804 |
| 650 | 4 |
_aDivulgació científica _94259 |
|
| 700 | 1 | _aRevuelta, Gemma, | |
| 942 |
_cMON _2udc |
||